• 首页
  • 本馆介绍
  • 公告通知
  • 最新文献
  • 馆藏检索
  • 电子资源
  • 读者导购
  • 参考咨询
  • 我的图书馆
  • 登录
  • 详细信息显示
  • 放入我的书架
  • 预约/预借图书
  • 作者相关作品
  • 分类相关作品
  • 丛书相关作品
  • 出版社相关作品

书目信息

  • 表格格式
  • 工作单格式
  • 卡片格式
题名:
中国文化的命运
    
 
作者: 梁漱溟 著
分册:  
出版信息: 北京   中信出版社  2010.11
页数: 179页
开本: 21cm
丛书名:
单 册:
中图分类: G122
科图分类:
主题词: 文化--研究--中国 , 文化
电子资源:
ISBN: 978-7-5086-2379-5
000 00818nam0 2200241 450
001 010010081374
005 20120626152407.68
010    @a978-7-5086-2379-5@dCNY22.00
100    @a20101112d2010 em y0chiy0110 ea
101 0  @achi
102    @aCN@b110000
105    @af z 000yy
106    @ar
200 1  @a中国文化的命运@9zhong guo wen hua de ming yun@f梁漱溟著
210    @a北京@c中信出版社@d2010.11
215    @a179页@c照片@d21cm
330    @a本书共分三辑,中国文化之精神、社会演进上中西殊途、发挥中国的长处以吸收外国的长处。主要内容包括:以为这问题还远的不对;中西学术之不同;中国人则怎样;中国文化个性殊强等。
606 0  @a文化@x研究@y中国
606 0  @a文化
690    @aG122@v4
701  0 @a梁漱溟@9liang shu ming@f(1893-1988)@4著
801  0 @aCN@bRENTIAN@c20101112
905    @b541222-26@dG122@e118@f5
    
    中国文化的命运/梁漱溟著.-北京:中信出版社,2010.11
    179页:照片;21cm
    
    
    ISBN 978-7-5086-2379-5:CNY22.00
    本书共分三辑,中国文化之精神、社会演进上中西殊途、发挥中国的长处以吸收外国的长处。主要内容包括:以为这问题还远的不对;中西学术之不同;中国人则怎样;中国文化个性殊强等。
●
相关链接 在E读中查询图书 在五车中查询图书 在当当中查询图书 在豆瓣中查询图书


正题名:中国文化的命运     索取号:G122/118         预约/预借

序号 登录号 条形码 馆藏地/架位号 状态 备注
1 541222   205412221   第一样本阅览室/ [索取号:G122/118] 在馆    
2 541223   205412230   第四借阅区/ [索取号:G122/118] 在馆    
3 541224   205412249   第四借阅区/ [索取号:G122/118] 在馆    
4 541225   205412258   第四借阅区/ [索取号:G122/118] 在馆    
5 541226   205412267   第四借阅区/ [索取号:G122/118] 在馆    
唐山师范学院图书馆 欢迎您!
大连网信软件有限公司© 版权所有